AH International Schools' Libraries

Corduroy / (Record no. 48641)

MARC details
000 -LEADER
fixed length control field 00270nam a2200109 4500
020 ## - INTERNATIONAL STANDARD BOOK NUMBER
International Standard Book Number 9780670011117
100 ## - MAIN ENTRY--PERSONAL NAME
Personal name Freeman, Don
245 ## - TITLE STATEMENT
Title Corduroy /
Statement of responsibility, etc Don Freeman
260 ## - PUBLICATION, DISTRIBUTION, ETC. (IMPRINT)
Place of publication, distribution, etc New York
Name of publisher, distributor, etc The Viking Press
Date of publication, distribution, etc 19--
300 ## - PHYSICAL DESCRIPTION
Extent 32 p.
Other physical details col. ill.
Dimensions 21 cm.
942 ## - ADDED ENTRY ELEMENTS (KOHA)
Source of classification or shelving scheme
Koha item type Book
Holdings
Withdrawn status Lost status Source of classification or shelving scheme Damaged status Not for loan Home library Current library Shelving location Date acquired Total Checkouts Full call number Barcode Checked out Date last seen Date checked out Price effective from Koha item type
          Asian Hope Early Years Library Asian Hope Early Years Library Easy Reading 03/18/2025 5 E FRE 207335 04/28/2026 04/28/2026 04/28/2026 03/18/2025 Book

For any Logos Library related questions please contact Miss Art at swongnarasuk@asianhope.org.

For any Asian Hope Library related questions please contact Miss Raza at graza@asianhope.org.

Powered by Koha